000 02602cab a2200277 ab4500
005 20240115121941.0
008 991125c2017 uy tr p o 000 0 spa d
035 _aUPN01000220036
040 _aMX-MxUPN
_bspa
_cMX-MxUPN
_eaacr2
049 _aART-E
100 1 _aBanchero, Serrana
100 1 _userranabm@gmail.com
100 1 _aMihoff, Mariangeles
245 1 0 _aAdultos mayores cuidadores :
_bsobrecarga y dimensión afectiva
_h[recurso electrónico en línea]
506 0 _aAcceso abierto
520 3 _aEste trabajo plantea la relación entre la sobrecarga del cuidador y la dimensión afectiva del cuidado en personas mayores cuidadoras. En la actualidad el cuidado es entendido como una problemática social pública, y por lo tanto objeto de políticas públicas. Uruguay es un país envejecido debido a los cambios socio-demográficos que han acontecido por lo que han aumentado las situaciones de dependencia y las demandas de cuidados. De este modo, las personas mayores no solo son receptores sino también proveedores de cuidados. El cuidado implica la dimensión material, económica y afectiva, y los cuidadores como consecuencia de su tarea de cuidar, pueden experimentar el síndrome de sobrecarga del cuidador. Se trata de un diseño cuali-cuantitativo y consiste en un estudio de caso utilizando entrevistas individuales con aplicación de instrumentos según la categorización de la muestra finalista que fue Personas Mayores Cuidadoras y no Cuidadoras. Se analizará la variable sobrecarga del cuidador con las características de la relación cuidador-cuidado. La muestra es finalista y se constituyó por 74 personas mayores usuarios regulares del Subprograma Adultos Mayores del Programa Apex-Cerro (UdelaR) de la ciudad de Montevideo, Uruguay. Los resultados mostraron que aparece una visión totalizante del cuidado, así como relatos autorreferenciales. El 29,7% son personas mayores cuidadoras, de los cuales el 15,7% presentan el síndrome de sobrecarga del cuidador (siendo todas mujeres y la edad mediana de 65,5 años). En el análisis de la dimensión afectiva del cuidado se observan características de un tipo de vínculo co-dependiente entre el cuidador y el cuidado. PCS.
650 2 _927578
_aAdultos mayores
653 0 _aCuidadores
653 0 _aCodependencia
653 0 _aAfectividad
773 _gVol. 17, no. 1 (2017), p. 7-35
_tPsicología, conocimiento y sociedad
_x1688-7926
856 4 _uhttp://revista.psico.edu.uy/index.php/revpsicologia/article/view/314/315
902 _bLeonor Sotres/150124
905 _aArticulo
942 _cART-E
999 _c192135
_d192135